| 000 | 00948nam a2200289 i 4500 | ||
|---|---|---|---|
| 003 | DO-SdBNP | ||
| 005 | 20230529121718.0 | ||
| 007 | ta | ||
| 008 | 700702s1999 sp 000 f spa d | ||
| 020 | _a8481301310 | ||
| 040 |
_aDO-SdBNP _bspa _cBNPHU _erda |
||
| 082 | 4 |
_a891.73 _bD724j 1999 _222 |
|
| 100 | 1 |
_aDostoyevsky, Fyódor, _d1821-1881 _919889 |
|
| 240 | 0 | 0 | _aIgrok |
| 245 | 1 | 3 |
_aEl jugador / _cFiódor Dostoievski ; traducción Victoriano Imbert ; prólogo Jesús Ferrero |
| 264 |
_aSanto Domingo : _bUnidad Editorial, _c1999. |
||
| 300 |
_a200 páginas ; _c19 cm. |
||
| 490 |
_aMillenium _v16 |
||
| 500 | _aIncluye notas al pie da las páginas | ||
| 590 | _aInventariado, 2023/BT | ||
| 650 | 4 |
_aNovela rusa _94742 |
|
| 650 | 4 |
_aLiteratura rusa _94743 |
|
| 700 | 1 |
_aImbert, Victoriano, _etraducción _942722 |
|
| 700 | 1 |
_aFerrero, Jesús, _eprólogo _983469 |
|
| 910 | _aBtavárez/Validado. Control de calidad MFF | ||
| 942 |
_2ddc _cLBS1 |
||
| 999 |
_c53638 _d53638 |
||